速打-1到100 - Statistics

General Stats
  • This quiz has been taken 9 times
  • The average score is 90 of 100
Answer Stats
# % Correct
1
100%
10
100%
11
100%
12
100%
13
100%
14
100%
15
100%
16
100%
17
100%
18
100%
19
100%
2
100%
20
100%
21
100%
22
100%
23
100%
24
100%
25
100%
26
100%
27
100%
28
100%
29
100%
3
100%
30
100%
31
100%
32
100%
34
100%
35
100%
36
100%
37
100%
38
100%
39
100%
4
100%
40
100%
41
100%
42
100%
43
100%
44
100%
45
100%
46
100%
47
100%
48
100%
49
100%
5
100%
50
100%
6
100%
7
100%
8
100%
9
100%
33
89%
51
89%
52
89%
53
89%
54
89%
55
89%
56
89%
57
89%
58
89%
59
89%
60
89%
100
78%
61
78%
62
78%
63
78%
64
78%
65
78%
66
78%
67
78%
68
78%
69
78%
70
78%
71
78%
72
78%
73
78%
74
78%
75
78%
76
78%
77
78%
78
78%
79
78%
80
78%
81
78%
82
78%
83
78%
84
78%
85
78%
86
78%
87
78%
88
78%
89
78%
90
78%
91
78%
92
78%
93
78%
94
78%
95
78%
96
78%
97
78%
98
78%
99
78%
No matching quizzes found
Score Distribution
Percent of People with Each Score
Percentile by Number Answered
Your Score History
You have not taken this quiz